000
00265nam a2200097Ia 4500
082
_a
J 751.73 MACL
245
0
_a
Murals and graffiti
100
_a
Maclay-Mayers, Jean Cape Town, 2009
_9
96754
942
_c
BK
008
210817s9999 xx 000 0 und d
999
_c
408112
_d
408111